Đang tải...

Metcorites :classification and properties

Chi tiết về thư mục
Tác giả chính: Wasson, John T.
Định dạng: Printed Book
Ngôn ngữ:English
Được phát hành: New york Springer-verlag 1974
Những chủ đề:
LEADER 00630nam a2200169 a 4500
005 20151028161940.0
008 960221s1955 dcuabcdjdbkoqu001 0deng d
003 ViArRB
082 |a 549.112  |b L4 
100 |a Wasson, John T.  |9 16730 
245 |a  Metcorites  |b :classification and properties 
653 |a Mineralogy and phase composition  |a Petrology  |a Morphology and macrostructure  |a Magnetic properties 
942 |c BK  |6 _ 
260 |a New york  |b Springer-verlag  |c 1974 
500 |a School of Marine Sciences 
999 |c 72240  |d 72240 
952 |0 0  |1 0  |2 ddc  |4 0  |6 549112_L4  |7 0  |9 84114  |a SOS  |b SOS  |d 2010-01-21  |o 549.112 L4  |p MS003051  |r 2013-06-14  |w 2009-07-13  |y BK